| 000 | 00796 a2200229 4500 | ||
|---|---|---|---|
| 010 | _aENG-85275 | ||
| 020 | _c80.00 | ||
| 035 | _aEN-68808 | ||
| 037 | _bD.B.Act / Pub | ||
| 082 | 1 | 4 | _a613.7046 |
| 090 |
_c2146 _d2146 |
||
| 100 | 1 | _aAmalraj, A. Packiam | |
| 245 | 1 |
_aIntegrated scientific yoga and holistic development _cA. Packiam Amalraj |
|
| 250 | _a2nd ed | ||
| 260 |
_aMadurai _bBetsy Institute of Nonviolence & Women Studies (BINOWS) _c2000 |
||
| 270 |
_aThe Valliammal Institution, Gandhi Museum Campus, _bMadurai _cTamil Nadu _e625020 |
||
| 300 |
_a184 p. : _c22 cm. (Pbk) |
||
| 500 | _aIncludes index | ||
| 650 | 0 | _aYoga and holistic development | |
| 942 |
_adpl _cEN _k613.7046 / AMA |
||
| 999 |
_c2106 _d2106 |
||